000 01720cam a22004454i 4500
003 PE-LiUPU
005 20250731172830.0
008 150720s2000 miu r 000 0 spa d
035 _a(Sirsi) a153564
040 _aPE-LiUPU
_bspa
_cPE-LiUPU
_erda
049 _aPRUA
082 0 4 _a225.07
_bNIGTC 1996 7
100 1 _aThiselton, Anthony C.,
_eautor.
245 1 4 _aThe first epistle to the Corinthian :
_ba commentary on the greek text.
_n7 /
_cAnthony C. Thiselton.
264 1 _aGrand Rapids, Michigan :
_bEerdmans,
_c2000.
300 _a1446 páginas ;
_c25 cm.
336 _atext
_2rdacontent
337 _aunmediated
_2rdamedia
338 _avolume
_2rdacarrier
490 0 _aThe New International Greek Testament Commentary
505 0 _aRoman Corinth in the time of Paul: geograpy, archeaeology, socieconomic satutus, prosperity, and culture of pragmatic pluralism -- The christian community in corinth beginning, nature, and relations with raul -- The occasion of the epistle.
526 _aSEG42
526 _aSEG41
526 _aSEG40
526 _aSEG39
526 _aP94
526 _aP87
526 _aP86
526 _aP85
526 _aP77
526 _aP76
526 _aP35
630 _aBiblia
_pN.T.
_pCorintios I
_xComentarios.
910 _agl
_bng
_cng
_d20090304
942 _2ddc
_cBOOK
949 _a225.07 NIGTC 1996 7
_i59364
_lCCODEBUL1
_mBUL
_tLIBRO
_o.STAFF. Colección General
596 _a1
999 _a225.07 NIGTC 1996 7
_wDEWEY
_c6243
_i59364
_d6243
_f2021-11-9
_g5
_lCCODEBUL1
_mBUL
_q2
_r0
_sY
_tBOOK
_u2015-7-30
_xTEOLOGIA
_PP35
_0COMPRA
_o.STAFF. Colección General
980 _81
_gALBERTO SANCHEZ Responsable de Automatización